|
|
|
|
| LEADER |
00000nab a2200000 a 4500 |
| 001 |
vtls000446143 |
| 003 |
SK-MaSNL |
| 005 |
20260303162631.0 |
| 008 |
230302c1992 xo 0 slo |
| 015 |
|
|
|a SNBRB19rr/mm-uuuuu
|
| 035 |
|
|
|a CL0446274
|
| 035 |
|
|
|a urn:nbn:sk:snk-abeo90
|
| 035 |
|
|
|a (urnnbn)urn:nbn:sk:snk:ar-0008i2
|
| 035 |
|
|
|a (uuid)fe66d05b-84ef-483a-9018-ae52c4f81d8d
|
| 040 |
|
|
|a SNKBUCL
|b slo
|c SNKBUCL
|e AACR2
|
| 041 |
0 |
|
|a slo
|
| 044 |
|
|
|a xo
|c SK
|
| 080 |
|
|
|a 73/76(437)(091)"19"
|2 1981
|
| 080 |
|
|
|a 73/76(430)(091)"19"
|2 1981
|
| 100 |
1 |
|
|a Štrauss, Tomáš,
|d 1931-2013
|4 aut
|9 97559
|
| 245 |
1 |
0 |
|a Osemdesiate roky - retrospektívne
|b (Pohľad od brehov Rýna.)
|c Tomáš Štraus
|
| 650 |
0 |
7 |
|a slovenské výtvarné umenie
|2 snkbucl
|9 68597
|
| 650 |
0 |
7 |
|a umenie výtvarné české
|2 snkbucl
|9 946027
|
| 650 |
0 |
7 |
|a nemecké výtvarné umenie
|2 snkbucl
|9 73202
|
| 655 |
|
7 |
|a články z novín a časopisov
|2 snkbucl
|9 267496
|
| 773 |
0 |
|
|t Slovenské pohľady
|g Roč. 108, č. 2 (1992), s. 118-128
|
| 850 |
|
|
|a Slovenská národná knižnica v Martine
|a MTA001
|
| 852 |
|
|
|a SNK
|b KIS3GCP
|
| 958 |
|
|
|a RK
|
| 958 |
|
|
|a CZ
|
| 958 |
|
|
|a DE
|
| 958 |
|
|
|a OND
|
| 958 |
|
|
|a EUIPO
|
| 958 |
|
|
|a article27
|
| 992 |
|
|
|a RBX
|
| 999 |
|
|
|c 2056021
|d 2057951
|